El rǧimen jurd̕ico de los sectores de actividad de la Comunidad de Madrid

Detalles Bibliográficos
Autor principal: Arv̌alo Gutiřrez, Alfonso
Formato: eBook
Lenguaje:español
Publicado: Madrid: Dykinson, 2017
Materias:
Acceso en línea:Acceso restringido

MARC

LEADER 00000nam a22000007a 4500
005 20180319233529.0
007 cr|||| ||||
008 180319s2017 es |||||s|||| 00||0 spa d
020 |a 978-84-9148-192-8 
035 |a 21090 
040 |a vLex 
090 |c 7494  |d 7494 
100 1 |a Arv̌alo Gutiřrez, Alfonso 
245 1 2 |a El rǧimen jurd̕ico de los sectores de actividad de la Comunidad de Madrid  |h [Recurso electrn̤ico] /  |c Alfonso Arv̌alo Gutiřrez 
256 |a Servicio en ln̕ea 
260 |a Madrid:  |b Dykinson,  |c 2017 
300 |a 1 recurso electrn̤ico 
506 1 |a Disponible solo en los productos indicados  |d vLex Global  |d vLex Global (Academic Edition, excluding Law Schools)  |d vLex Global (U.S. Academic Edition, Law Schools)  |d vLex Global (U.S. Academic Edition, excluding Law Schools)  |d vLex Global (Academic Edition, Law Schools) 
650 0 4 |a Derecho Pb︢lico y Administrativo  |z Espaą 
740 0 |a vLex Libros (Servicio en ln̕ea) 
856 4 0 |u http://vlex.com/source/regimen-juridico-sectores-actividad-comunidad-madrid-21090  |z Acceso restringido 
942 |c BOOK 
999 0 |a Public and Administrative Law